000 00771nam a22001691cc4500
001 a987674692+BandI
035 _aa987674692
008 170707s1969 gw |||| 000u ger d
245 0 4 _aDie Wehrmacht im Dritten Reich
_nBand I
_p30. Januar 1933 bis 2. August 1934 : Mit einem Rückblick auf das Militärwesen in Preußen, im Kaiserreich und in der Weimarer Republik
264 _aBoppard am Rhein :
_bBoldt,
_c1969
300 _aXV, 445 S.
246 1 2 _aDie Wehrmacht im Dritten Reich : Aufbau, Gliederung, Recht, Verwaltung. 30. Januar 1933 bis 2. August 1934 : Mit einem Rückblick auf das Militärwesen in Preußen, im Kaiserreich und in der Weimarer Republik
_nBand I
773 0 8 _wa987674692
_qBandI
942 _cMG
040 _cRU-10907106
003 RU-10907106
999 _c45000
_d45000